El regreso de la Peste Pansindemia y normalidad /
El libro examina el impacto de las pandemias en la sociedad y cómo afectan nuestra noción de normalidad. El autor analiza las consecuencias sociales, económicas y psicológicas de las pandemias, explorando las respuestas políticas y sociales ante estas crisis. A través de su análisis, Alba Rico cuest...
Furkejuvvon:
| Váldodahkki: | |
|---|---|
| Materiálatiipa: | Girji |
| Giella: | Spanish |
| Almmustuhtton: |
Buenos Aires, Argentina:
Fundación Friedrich Ebert; Nueva Sociedad
2021
|
| Fáttát: | |
| Fáddágilkorat: |
Lasit fáddágilkoriid
Eai fáddágilkorat, Lasit vuosttaš fáddágilkora!
|
MARC
| LEADER | 00000nam a22000007a 4500 | ||
|---|---|---|---|
| 003 | cru CIDCACS/IIS | ||
| 005 | 20230902215320.0 | ||
| 007 | ta | ||
| 008 | 220510s2021 ag |||p|r|||| 0|| 0|spa d | ||
| 040 | |c cru CIDCACS/IIS | ||
| 100 | 1 | |9 4700 |a Alba Rico, Santiago |e Autor | |
| 245 | 1 | 3 | |a El regreso de la Peste Pansindemia y normalidad / |c Santiago Alba Rico |
| 260 | |a Buenos Aires, Argentina: |b Fundación Friedrich Ebert; Nueva Sociedad |c 2021 | ||
| 300 | |a páginas 119-130 | ||
| 520 | |a El libro examina el impacto de las pandemias en la sociedad y cómo afectan nuestra noción de normalidad. El autor analiza las consecuencias sociales, económicas y psicológicas de las pandemias, explorando las respuestas políticas y sociales ante estas crisis. A través de su análisis, Alba Rico cuestiona la idea de una normalidad previa y plantea interrogantes sobre cómo podemos adaptarnos a los cambios generados por las pandemias y construir un futuro más resiliente y equitativo. RAR 03/2023 | ||
| 650 | 0 | |2 UNESCO |9 11593 |a PANDEMIA | |
| 650 | 4 | |2 OCDE |9 1933 |a CAMBIO SOCIAL | |
| 650 | 0 | |2 OCDE |9 4431 |a CAMBIO POLITICO | |
| 650 | 0 | |2 CSiC |9 2111 |a CONSECUENCIAS SOCIALES | |
| 773 | 0 | |0 19022 |9 7039 |a Fundación Friedrich Ebert |d Fundación Friedrich Ebert; Nueva Sociedad Buenos Aires, Argentina |o 22550 |t Nueva Sociedad / | |
| 942 | |2 ddc |c PP | ||
| 999 | |c 44225 |d 44225 | ||
